000 00328 a2200109 4500
001 ART_7818
005 20260410161722.0
008 260409a
245 1 0 _aIntegración económica y política tecnológica
100 1 _aSagasti, F. R.
773 0 _tRevista de la integración
_g- Nº 18 (ene. 1975)
_wREV1815
999 _c17075
_d17075